| 000 | 01121nam a2200229Ia 4500 | ||
|---|---|---|---|
| 003 | Ost | ||
| 005 | 20260507075044.0 | ||
| 008 | 260507s9999||||xx |||||||||||||| ||und|| | ||
| 040 | _cfsecg | ||
| 041 | _aara | ||
| 082 | _a0 | ||
| 100 |
_aالسرحان، عدنان ابراهيم _eمؤلف |
||
| 245 | 0 |
_aشرح القانون المدني : _bالعقود المسماة في المقاولة،الوكالة،الكفالة / _c عدنان ابراهيم السرحان |
|
| 260 |
_aعمان: _bمكتبة دار الثقافة للنشر, _c2001 |
||
| 300 |
_a252 صفحة؛ _bإيضاحات ؛ _c24 سم |
||
| 504 | _aببلوغرافيا ص.242 | ||
| 520 | _aعقد المقاولة:أركان عقد المقاولة، آثار عقد المقاولة، انتهاء المقاولة، عقد الوكالة:أركان عقد الوكالة ،آثار الوكالة، انتهاء الوكالة، عقد الكفالة:أركان الكفالة، آثار الكفالة | ||
| 653 | _aالقانون المدني | ||
| 653 | _aالكفالة | ||
| 653 | _aعقود المقاولة | ||
| 942 | _cكتاب | ||
| 999 |
_c42543 _d42543 |
||